00844nam a22002297a 4500001000500000005001700005020001800022040002900040050000900069082001100078100001900089245010000108250004400208260003400252300002300286505000700309520024800316521001700564521001700581650000800598650000800606218320231108140845.0 a9780439343893 aFISKHbengcFISKHdFISKH aPZ10 a813.54 aBaglio, Ben M. aPuppy in a puddle /cBen M. Baglio's animal ark where animals come first Why did she run away?  aFirst Scholastic printing, January 2002 aNew York :bScholastic,c1999 a129 pages :c19 cm aO  aWhen Mandy's dad diagnoses an Old English sheepdog puppy as deaf, Mandy feels sad for it. But it isn't until she finds another sheepdog pup abandoned and in a sorry state, that she and James begin to be suspicious. Could a breeder be to blame? a630 bLexile aO bRaz-Plus aPet aDog